Laparoscopic fluorescence diagnosis for intraabdominal fluorescence targeting of peritoneal carcinosis: experimental studies

To assess 5-aminolevulinic acid (ALA)-induced protoporphyrin IX accumulation and fluorescence in peritoneal colon carcinoma metastases and its benefits for laparoscopic fluorescence diagnosis.

Saved in:
Bibliographic Details
Main Authors: Gahlen, Johannes (Author) , Proßt, Rüdiger Lothar (Author) , Pietschmann, Matthias Frank (Author) , Haase, Thomas (Author) , Rheinwald, Markus (Author) , Skopp, Gisela (Author) , Stern, Josef (Author) , Herfarth, Christian (Author)
Format: Article (Journal)
Language:English
Published: 2002
In: Annals of surgery
Year: 2002, Volume: 235, Issue: 2, Pages: 252-260
ISSN:1528-1140
Online Access:Verlag, lizenzpflichtig, Volltext: https://journals.lww.com/annalsofsurgery/Fulltext/2002/02000/Laparoscopic_Fluorescence_Diagnosis_for.14.aspx
Get full text
Author Notes:Johannes Gahlen, Ruediger L. Prosst, Matthias Pietschmann, Thomas Haase, Markus Rheinwald, Gisela Skopp, Josef Stern, and Christian Herfarth

MARC

LEADER 00000caa a2200000 c 4500
001 1752749243
003 DE-627
005 20220819150750.0
007 cr uuu---uuuuu
008 210330s2002 xx |||||o 00| ||eng c
035 |a (DE-627)1752749243 
035 |a (DE-599)KXP1752749243 
035 |a (OCoLC)1341401850 
040 |a DE-627  |b ger  |c DE-627  |e rda 
041 |a eng 
084 |a 33  |2 sdnb 
100 1 |a Gahlen, Johannes  |e VerfasserIn  |0 (DE-588)1077937636  |0 (DE-627)837762383  |0 (DE-576)184486904  |4 aut 
245 1 0 |a Laparoscopic fluorescence diagnosis for intraabdominal fluorescence targeting of peritoneal carcinosis  |b experimental studies  |c Johannes Gahlen, Ruediger L. Prosst, Matthias Pietschmann, Thomas Haase, Markus Rheinwald, Gisela Skopp, Josef Stern, and Christian Herfarth 
264 1 |c 2002 
300 |a 9 
336 |a Text  |b txt  |2 rdacontent 
337 |a Computermedien  |b c  |2 rdamedia 
338 |a Online-Ressource  |b cr  |2 rdacarrier 
500 |a Gesehen am 30.03.2021 
520 |a To assess 5-aminolevulinic acid (ALA)-induced protoporphyrin IX accumulation and fluorescence in peritoneal colon carcinoma metastases and its benefits for laparoscopic fluorescence diagnosis. 
700 1 |a Proßt, Rüdiger Lothar  |d 1971-  |e VerfasserIn  |0 (DE-588)121179346  |0 (DE-627)081136927  |0 (DE-576)181100606  |4 aut 
700 1 |a Pietschmann, Matthias Frank  |d 1974-  |e VerfasserIn  |0 (DE-588)124305288  |0 (DE-627)085774286  |0 (DE-576)294111255  |4 aut 
700 1 |a Haase, Thomas  |e VerfasserIn  |4 aut 
700 1 |a Rheinwald, Markus  |e VerfasserIn  |4 aut 
700 1 |a Skopp, Gisela  |d 1951-  |e VerfasserIn  |0 (DE-588)1060738538  |0 (DE-627)800969413  |0 (DE-576)164452346  |4 aut 
700 1 |a Stern, Josef  |e VerfasserIn  |0 (DE-588)1104153165  |0 (DE-627)861649389  |0 (DE-576)470842210  |4 aut 
700 1 |a Herfarth, Christian  |d 1933-2014  |e VerfasserIn  |0 (DE-588)120706385  |0 (DE-627)080841562  |0 (DE-576)213333414  |4 aut 
773 0 8 |i Enthalten in  |t Annals of surgery  |d [Erscheinungsort nicht ermittelbar] : Lippincott Williams & Wilkins, 1885  |g 235(2002), 2 vom: Feb., Seite 252-260  |h Online-Ressource  |w (DE-627)313115222  |w (DE-600)2002200-1  |w (DE-576)090881796  |x 1528-1140  |7 nnas  |a Laparoscopic fluorescence diagnosis for intraabdominal fluorescence targeting of peritoneal carcinosis experimental studies 
773 1 8 |g volume:235  |g year:2002  |g number:2  |g month:02  |g pages:252-260  |g extent:9  |a Laparoscopic fluorescence diagnosis for intraabdominal fluorescence targeting of peritoneal carcinosis experimental studies 
856 4 0 |u https://journals.lww.com/annalsofsurgery/Fulltext/2002/02000/Laparoscopic_Fluorescence_Diagnosis_for.14.aspx  |x Verlag  |z lizenzpflichtig  |3 Volltext 
951 |a AR 
992 |a 20210330 
993 |a Article 
994 |a 2002 
998 |g 120706385  |a Herfarth, Christian  |m 120706385:Herfarth, Christian  |d 910000  |d 910200  |e 910000PH120706385  |e 910200PH120706385  |k 0/910000/  |k 1/910000/910200/  |p 8  |y j 
998 |g 1104153165  |a Stern, Josef  |m 1104153165:Stern, Josef  |d 910000  |d 910200  |e 910000PS1104153165  |e 910200PS1104153165  |k 0/910000/  |k 1/910000/910200/  |p 7 
998 |g 1060738538  |a Skopp, Gisela  |m 1060738538:Skopp, Gisela  |d 910000  |d 912100  |e 910000PS1060738538  |e 912100PS1060738538  |k 0/910000/  |k 1/910000/912100/  |p 6 
998 |g 124305288  |a Pietschmann, Matthias Frank  |m 124305288:Pietschmann, Matthias Frank  |d 910000  |d 910200  |e 910000PP124305288  |e 910200PP124305288  |k 0/910000/  |k 1/910000/910200/  |p 3 
998 |g 121179346  |a Proßt, Rüdiger Lothar  |m 121179346:Proßt, Rüdiger Lothar  |d 910000  |d 910200  |e 910000PP121179346  |e 910200PP121179346  |k 0/910000/  |k 1/910000/910200/  |p 2 
998 |g 1077937636  |a Gahlen, Johannes  |m 1077937636:Gahlen, Johannes  |d 910000  |d 910200  |e 910000PG1077937636  |e 910200PG1077937636  |k 0/910000/  |k 1/910000/910200/  |p 1  |x j 
999 |a KXP-PPN1752749243  |e 389792465X 
BIB |a Y 
SER |a journal 
JSO |a {"person":[{"display":"Gahlen, Johannes","role":"aut","family":"Gahlen","given":"Johannes"},{"role":"aut","display":"Proßt, Rüdiger Lothar","family":"Proßt","given":"Rüdiger Lothar"},{"given":"Matthias Frank","role":"aut","display":"Pietschmann, Matthias Frank","family":"Pietschmann"},{"family":"Haase","display":"Haase, Thomas","role":"aut","given":"Thomas"},{"role":"aut","display":"Rheinwald, Markus","family":"Rheinwald","given":"Markus"},{"role":"aut","display":"Skopp, Gisela","family":"Skopp","given":"Gisela"},{"given":"Josef","role":"aut","display":"Stern, Josef","family":"Stern"},{"family":"Herfarth","display":"Herfarth, Christian","role":"aut","given":"Christian"}],"title":[{"title_sort":"Laparoscopic fluorescence diagnosis for intraabdominal fluorescence targeting of peritoneal carcinosis","title":"Laparoscopic fluorescence diagnosis for intraabdominal fluorescence targeting of peritoneal carcinosis","subtitle":"experimental studies"}],"origin":[{"dateIssuedKey":"2002","dateIssuedDisp":"2002"}],"name":{"displayForm":["Johannes Gahlen, Ruediger L. Prosst, Matthias Pietschmann, Thomas Haase, Markus Rheinwald, Gisela Skopp, Josef Stern, and Christian Herfarth"]},"id":{"eki":["1752749243"]},"recId":"1752749243","language":["eng"],"physDesc":[{"extent":"9 S."}],"note":["Gesehen am 30.03.2021"],"type":{"bibl":"article-journal","media":"Online-Ressource"},"relHost":[{"id":{"zdb":["2002200-1"],"eki":["313115222"],"issn":["1528-1140"]},"language":["eng"],"part":{"issue":"2","volume":"235","pages":"252-260","text":"235(2002), 2 vom: Feb., Seite 252-260","extent":"9","year":"2002"},"physDesc":[{"extent":"Online-Ressource"}],"disp":"Laparoscopic fluorescence diagnosis for intraabdominal fluorescence targeting of peritoneal carcinosis experimental studiesAnnals of surgery","recId":"313115222","title":[{"title_sort":"Annals of surgery","title":"Annals of surgery","subtitle":"a monthly review of surgical science and practice"}],"note":["Gesehen am 26.09.18"],"pubHistory":["1.1885 -"],"origin":[{"dateIssuedDisp":"1885-","publisherPlace":"[Erscheinungsort nicht ermittelbar] ; [Erscheinungsort nicht ermittelbar]","publisher":"Lippincott Williams & Wilkins ; Ovid","dateIssuedKey":"1885"}],"type":{"bibl":"periodical","media":"Online-Ressource"}}]} 
SRT |a GAHLENJOHALAPAROSCOP2002